| 000 -LEADER |
| fixed length control field |
01249pab a2200157 454500 |
| 008 - FIXED-LENGTH DATA ELEMENTS--GENERAL INFORMATION |
| fixed length control field |
180718b2002 xxu||||| |||| 00| 0 eng d |
| 100 ## - MAIN ENTRY--PERSONAL NAME |
| Personal name |
Sorensen, Jesper B. |
| 245 ## - TITLE STATEMENT |
| Title |
The strength of corporate cutlture and the reliability of firm performance |
| 260 ## - PUBLICATION, DISTRIBUTION, ETC. |
| Date of publication, distribution, etc. |
2002 |
| 300 ## - PHYSICAL DESCRIPTION |
| Extent |
p.70-91. |
| 362 ## - DATES OF PUBLICATION AND/OR SEQUENTIAL DESIGNATION |
| Dates of publication and/or sequential designation |
Mar |
| 520 ## - SUMMARY, ETC. |
| Summary, etc. |
Prevailing research claims that strong corporate cultures improve firm performance by facilitating internal behavioral consistency. This paper addresses an unexamined implication of this argument by analyzing the effect of strong corporate cultures on the variability of firm performance. This relationship depends on how strong cultures affect organizational learning in response to internal and external change. I hypothesize that strong-culture firms excel at incremental change but encounter difficulties in more volatile environments. Results of analyses of a sample of firms from a broad variety of industries show that in relatively stable environments, strong cultural firms have more reliable (less variable) performance. In volatile engironments, however, the reliability benefits of strong cultures disappear. - Reproduced. |
| 650 ## - SUBJECT ADDED ENTRY--TOPICAL TERM |
| Topical term or geographic name entry element |
Management |
| 773 ## - HOST ITEM ENTRY |
| Main entry heading |
Administrative Science Quarterly |
| 909 ## - |
| -- |
52927 |